000 00255nam a2200109Ia 4500
008 220204s9999 xx 000 0 und d
082 _a82-3MB
_bLYN
100 _aSuzanne
245 0 _aBeloved Viking
260 _aLondon
_bMills and Boon
_c1976
942 _cBK
999 _c33167
_d33167